| 000 | 00502nam a2200169Ia 4500 | ||
|---|---|---|---|
| 008 | 220531s9999 xx 000 0 und d | ||
| 041 | _amar | ||
| 100 |
_aगर्गे स. मा. संपा. _942617 |
||
| 245 | _aसमाजसुधारक आणि अंधश्रथ्दा | ||
| 250 | _a1ST | ||
| 260 |
_bMaharashtra andhashradha nirmulan _c1999 |
||
| 300 | _a136 | ||
| 542 | _d03-08-2000 | ||
| 650 |
_aSociology _942618 |
||
| 906 |
_d2000-2001 _f7763 |
||
| 999 |
_c25397 _d25397 |
||